000 00277nam a22001097a 4500
008 170125b xxu||||| |||| 00| 0 eng d
020 _a9780071476911
041 _aeng
080 _217TH
_a61
245 _aHARRISON'S PRINCIPLES OF INTERNAL MEDICINE
_cBRAUNWALD,
942 _2udc
_cBK
999 _c3664
_d3664